Materials for Civil and Construction Engineers / (Record no. 17025)

MARC details
000 -LEADER
fixed length control field 01121cam a22003375i 4500
001 - CONTROL NUMBER
control field 015516718
003 - CONTROL NUMBER IDENTIFIER
control field EG-ScBUE
005 - DATE AND TIME OF LATEST TRANSACTION
control field 20200825111231.0
008 - FIXED-LENGTH DATA ELEMENTS--GENERAL INFORMATION
fixed length control field 100319t20112011njua f b 001 0 eng d
020 ## - INTERNATIONAL STANDARD BOOK NUMBER
International Standard Book Number 0138009562 (pbk.)
020 ## - INTERNATIONAL STANDARD BOOK NUMBER
International Standard Book Number 9780138009564 (pbk.)
040 ## - CATALOGING SOURCE
Original cataloging agency EG-ScBUE
Language of cataloging eng
Description conventions rda
Transcribing agency EG-ScBUE
Modifying agency EG-ScBUE
082 04 - DEWEY DECIMAL CLASSIFICATION NUMBER
Classification number 624.18
Item number MAM
Edition number 22
100 1# - MAIN ENTRY--PERSONAL NAME
Personal name Mamlouk, Michael S.,
Relator term author.
9 (RLIN) 30967
245 10 - TITLE STATEMENT
Title Materials for Civil and Construction Engineers /
Statement of responsibility, etc Michael S. Mamlouk, John P. Zaniewski.
250 ## - EDITION STATEMENT
Edition statement Third edition.
250 ## - EDITION STATEMENT
Edition statement International edition.
264 #1 - PUBLICATION, DISTRIBUTION, ETC. (IMPRINT)
Place of publication, distribution, etc Upper Saddle River, New Jersey :
Name of publisher, distributor, etc Pearson Education,
Date of publication, distribution, etc [2011]
264 #4 - PUBLICATION, DISTRIBUTION, ETC. (IMPRINT)
Date of publication, distribution, etc c2011
300 ## - PHYSICAL DESCRIPTION
Extent 600 pages :
Other physical details illustration ;
Dimensions 24 cm
336 ## - CONTENT TYPE
Content type term text
Source rdacontent
Content type code txt
337 ## - MEDIA TYPE
Media type term unmediated
Media type code n
Source rdamedia
338 ## - CARRIER TYPE
Carrier type term volume
Carrier type code nc
Source rdacarrier
504 ## - BIBLIOGRAPHY, ETC. NOTE
Bibliography, etc Includes bibliographical references and index.
650 #7 - SUBJECT ADDED ENTRY--TOPICAL TERM
Topical term or geographic name as entry element Materials.
Source of heading or term BUEsh
9 (RLIN) 30968
650 #7 - SUBJECT ADDED ENTRY--TOPICAL TERM
Topical term or geographic name as entry element Civil engineering.
Source of heading or term BUEsh
9 (RLIN) 30969
651 ## - SUBJECT ADDED ENTRY--GEOGRAPHIC NAME
Source of heading or term BUEsh
653 ## - INDEX TERM--UNCONTROLLED
Resource For college Engineering, General
Arrived date list September2012
700 1# - ADDED ENTRY--PERSONAL NAME
Personal name Zaniewski, John P.
Relator term author.
9 (RLIN) 30970
942 ## - ADDED ENTRY ELEMENTS (KOHA)
Source of classification or shelving scheme Dewey Decimal Classification
Koha item type Book - Borrowing
Holdings
Withdrawn status Lost status Source of classification or shelving scheme Damaged status Not for loan Collection code Home library Current library Shelving location Date acquired Source of acquisition Cost, normal purchase price Serial Enumeration / chronology Total Checkouts Full call number Barcode Date last seen Price effective from Koha item type Total Renewals Date checked out
    Dewey Decimal Classification     Baccah Central Library Central Library First floor 25/09/2012   190.00 3   624.18 MAM 000027376 15/07/2025 25/09/2012 NB - Book (Non borrowing)    
    Dewey Decimal Classification     Baccah Central Library Central Library First floor 25/09/2012   190.00 3 2 624.18 MAM 000027377 15/07/2025 25/09/2012 Book - Borrowing 4 10/04/2016
    Dewey Decimal Classification     Baccah Central Library Central Library First floor 25/09/2012   190.00 3 3 624.18 MAM 000027378 15/07/2025 25/09/2012 Book - Borrowing   10/04/2016
    Dewey Decimal Classification     Baccah Central Library Central Library First floor 25/09/2012   190.00 3 3 624.18 MAM 000027379 15/07/2025 25/09/2012 Book - Borrowing 39 02/10/2018
    Dewey Decimal Classification     Baccah Central Library Central Library First floor 25/09/2012   190.00 3 1 624.18 MAM 000027380 15/07/2025 25/09/2012 Book - Borrowing 2 09/10/2012
    Dewey Decimal Classification     unknown Central Library Central Library First floor 25/08/2020 Purchase       624.18 MAM 000049269 15/07/2025 25/08/2020 Book - Borrowing